[Event "Barcelona Ideal Clave op 21st"]
[Site "Barcelona"]
[Date "2017.11.18"]
[Round "7"]
[White "Sorribas Bussons, Joan"]
[Black "Gomez de Argila, Lluis"]
[Result "1-0"]
[WhiteElo "1792"]
[BlackElo "1516"]
[PlyCount "47"]
[EventDate "2017.09.30"]
[EventType "swiss"]
[EventRounds "8"]
[EventCountry "ESP"]
[SourceTitle "CBM 181 Extra"]
[Source "ChessBase"]
[SourceDate "2017.12.12"]
[SourceVersion "1"]
[SourceVersionDate "2017.12.12"]
[SourceQuality "1"]

1. Nf3 c6 2. g3 d5 3. Bg2 Nf6 4. 0-0 Bf5 5. d3 Nbd7 6. Nc3 e5 7. Bg5 h6 8. Bxf6 Qxf6 9. e4 d4 10. exf5 dxc3 11. bxc3 Qxf5 12. Qe2 Bd6 13. Rab1 Rb8 14. Rb3 0-0 15. Rfb1 Nc5 16. R3b2 Rfe8 17. Nd2 Na4 18. Rb3 Nc5 19. Ne4 Nxb3 20. Nxd6 Qd7 21. Nxe8 Rxe8 22. cxb3 c5 23. Rd1 b6 24. Qe4 1-0